Talk - Hozier (All Lyrics) - Statistics

General Stats
  • This quiz has been taken 4 times
  • The average score is 205 of 220
Answer Stats
Lyrics % Correct
All
100%
And
100%
and
100%
around
100%
be
100%
being
100%
body
100%
by
100%
could
100%
deny
100%
devotee
100%
do
100%
dreams
100%
Eurydice
100%
fear
100%
find
100%
for
100%
forgiveness
100%
found
100%
got
100%
he
100%
her
100%
him
100%
hope
100%
How
100%
I
100%
I'd
100%
I'm
100%
Imagine
100%
imaginin'
100%
in
100%
In
100%
I've
100%
last
100%
love
100%
loved
100%
made
100%
Mankind
100%
me
100%
mind
100%
my
100%
now
100%
of
100%
Orpheus
100%
out
100%
refined
100%
So
100%
talk
100%
that
100%
That
100%
the
100%
things
100%
to
100%
true
100%
try
100%
turn
100%
underground
100%
urged
100%
voice
100%
was
100%
wave
100%
we
100%
When
100%
won't
100%
would
100%
yeah)
100%
you
100%
at
67%
Before
67%
choiceless
67%
dreadful
67%
drove
67%
final
67%
God
67%
grief
67%
(Hey,
67%
hits,
67%
immediate
67%
lost
67%
marries
67%
marvelling
67%
myth
67%
need
67%
one
67%
release
67%
sea
67%
shred
67%
sweet
67%
That's
67%
time
67%
truth
67%
alone
33%
feeling
33%
feels
33%
witness
33%
No matching quizzes found
Score Distribution
Percent of People with Each Score
Percentile by Number Answered
Your Score History
You have not taken this quiz